Normal view
MARC view
- سيكولوجية الشخصية -علم النفس الافرادي
Entry Topical Term
001 - CONTROL NUMBER
- control field: 21623
003 - CONTROL NUMBER IDENTIFIER
- control field: JO-AjAnu
005 - DATE AND TIME OF LATEST TRANSACTION
- control field: 20230606073738.0
008 - FIXED-LENGTH DATA ELEMENTS
- fixed length control field: 230606|| aca||aabn | a|a d
040 ## - CATALOGING SOURCE
- Original cataloging agency: JO-AjAnu
- Transcribing agency: JO-AjAnu
150 ## - HEADING--TOPICAL TERM
- Topical term or geographic name entry element: سيكولوجية الشخصية -علم النفس الافرادي
670 ## - SOURCE DATA FOUND
- Source citation: Work cat.: (JO-AjAnu)11110: الدروبي، سليمان, author 21622, كيف تحصل على ما تريد؟ وتحقق أهدافك وطموحاتك